000 00454nam a2200181Ia 4500
001 11441
005 20260306162828.0
008 260306t1978||||xx |||||||||||||| ||spa||
041 _aESP
082 _a985.05
_bB116
100 _aBaptista Gumucio, Mariano
_eAUT
245 0 _aTamayo:
_by la reivindicación maritima de Bolivia
260 _c1978
300 _a238 páginas :
_c21 cm.
650 _aGEN
654 _aCHU
942 _cLIB
_dJUS
_fJUS
_2ddc
_n
999 _c11441
_d11441